000
00244nam a2200097 a 4500
005
20200930065806.0
008
110725s1907 000 spa d
245
0
_a
Haiti : son et ses détracteurs.
260
_a
New York,
_c
1907.
999
_c
32205
_d
32205
040
_a
DO-SdBNP